Normal view MARC view
  • Cancer

Entry Uniform Title

Number of records used in: 2

001 - CONTROL NUMBER

  • control field: 3240

003 - CONTROL NUMBER IDENTIFIER

  • control field: NUST

005 - DATE AND TIME OF LATEST TRANSACTION

  • control field: 20170711171436.0

008 - FIXED-LENGTH DATA ELEMENTS

  • fixed length control field: 170711|| aca||aabn | a|a d

040 ## - CATALOGING SOURCE

  • Original cataloging agency: NUST
  • Transcribing agency: NUST

130 ## - HEADING--UNIFORM TITLE

  • Uniform title: Cancer

670 ## - SOURCE DATA FOUND

  • Source citation: Work cat.: (NUST): Mamoona Noreen 3239, TH-PhD-Independent and associative functions of IKKs and c-Myc in cancer, 2015.
© 2023 Central Library, National University of Sciences and Technology. All Rights Reserved.